00354 a2200121 4500001001000000005001700010008004100027245003700068100002200105700003800127773005000165999001700215ART_4004220260410161842.0260409a 10aDoble imposición internacional1 aTorres, Ismael F.1 aFuria de Torres, Lilian Alicia G.0 tRAPg- Año 23, Nº 271 (abr. 2001)wREV5941 c24161d24161